[Event "AUT-chT2M 0304"]
[Site "Austria"]
[Date "2004.02.01"]
[Round "7.3"]
[White "Stohl, Igor"]
[Black "Stoll, Thomas"]
[Result "1-0"]
[WhiteElo "2556"]
[BlackElo "2231"]
[PlyCount "95"]
[EventDate "2003.11.08"]
[EventType "team-tourn"]
[EventRounds "11"]
[EventCountry "AUT"]
[SourceTitle "CBM 097 Extra"]
[Source "ChessBase"]
[SourceDate "2004.01.13"]
[SourceVersion "1"]
[SourceVersionDate "2004.01.13"]
[SourceQuality "1"]
[WhiteTeam "Graz Styria"]
[BlackTeam "Graz Austria II"]
[WhiteTeamCountry "AUT"]
[BlackTeamCountry "AUT"]

1. c4 c6 2. e4 d5 3. exd5 cxd5 4. d4 Nf6 5. Nc3 e6 6. Nf3 Be7 7. cxd5 Nxd5 8. Bd3 Nd7 9. Nxd5 exd5 10. 0-0 0-0 11. Bf4 Nf6 12. Qb3 h6 13. Rac1 Bd6 14. Be5 Ng4 15. Bxd6 Qxd6 16. Rc2 Nf6 17. Ne5 Rb8 18. Qa4 a6 19. Qa5 Nd7 20. Qc7 Qxc7 21. Rxc7 Nxe5 22. dxe5 Be6 23. f4 g6 24. Rfc1 Rfd8 25. Kf2 Kf8 26. a3 Ke8 27. Ke3 d4+ 28. Kd2 Bd5 29. Bc4 g5 30. Bxd5 Rxd5 31. fxg5 hxg5 32. Rf1 Rd7 33. Rxd7 Kxd7 34. Rxf7+ Ke6 35. Rg7 Kxe5 36. Rxg5+ Kf4 37. Rg7 b5 38. Kd3 Ke5 39. h4 Rh8 40. Rg4 Rd8 41. Re4+ Kf6 42. Rxd4 Rg8 43. g4 Rh8 44. g5+ Kf5 45. Ke3 Rc8 46. Rf4+ Ke5 47. g6 Rc1 48. Rg4 1-0

[Event "AUT-chT 0102"]
[Site "Austria"]
[Date "2002.01.20"]
[Round "8.6"]
[White "Hoellrigl, Wilfried"]
[Black "Stoll, Thomas"]
[Result "0-1"]
[WhiteElo "2196"]
[BlackElo "2249"]
[PlyCount "76"]
[EventDate "2001.10.31"]
[EventType "team-tourn"]
[EventRounds "11"]
[EventCountry "AUT"]
[SourceTitle "EXT 2002"]
[Source "ChessBase"]
[SourceDate "2001.11.25"]
[SourceVersion "1"]
[SourceVersionDate "2001.11.25"]
[SourceQuality "1"]
[WhiteTeam "Jenbach SK Sparkasse"]
[BlackTeam "Graz Austria"]
[WhiteTeamCountry "AUT"]
[BlackTeamCountry "AUT"]

1. e4 c5 2. c3 g6 3. d4 cxd4 4. cxd4 d5 5. exd5 Nf6 6. Nc3 Nxd5 7. Bb5+ Bd7 8. Bc4 Bc6 9. Nf3 Bg7 10. 0-0 0-0 11. Re1 e6 12. Bg5 Nxc3 13. bxc3 Qc7 14. Bb3 Nd7 15. Qe2 Nb6 16. Ne5 Bd5 17. c4 Bxe5 18. dxe5 Bxc4 19. Qg4 Bxb3 20. axb3 Nd5 21. Qh4 Rfe8 22. Rac1 Qa5 23. Qh6 Qb4 24. Re4 Qf8 25. Qh3 Rac8 26. Rec4 Nb6 27. Rh4 Rxc1+ 28. Bxc1 Qc5 29. Bf4 Rd8 30. g4 Rd1+ 31. Kg2 Qd5+ 32. f3 Qc5 33. Qg3 Rg1+ 34. Kh3 Rxg3+ 35. hxg3 Qg1 36. g5 Qf1+ 37. Kg4 Nd5 38. Bd2 Qd3 0-1

[Event "AUT-chT2S 0102"]
[Site "Austria"]
[Date "2001.11.11"]
[Round "4.4"]
[White "Pilaj, Herwig"]
[Black "Stoll, Thomas"]
[Result "1-0"]
[WhiteElo "2297"]
[BlackElo "2249"]
[PlyCount "65"]
[EventDate "2001.11.10"]
[EventType "team"]
[EventRounds "11"]
[EventCountry "AUT"]
[SourceTitle "EXT 2003"]
[Source "ChessBase"]
[SourceDate "2002.11.25"]
[SourceVersion "1"]
[SourceVersionDate "2002.11.25"]
[SourceQuality "1"]

1. d4 g6 2. e4 c6 3. Nf3 Bg7 4. Be2 d5 5. e5 Bg4 6. Nbd2 c5 7. c3 cxd4 8. cxd4 Qb6 9. h3 Bxf3 10. Nxf3 Nc6 11. 0-0 Nh6 12. b3 Nf5 13. Bb2 h5 14. Rc1 Rd8 15. a3 Bh6 16. Rc5 Ng7 17. b4 Ne6 18. g3 0-0 19. Rc2 a6 20. Qd3 Kg7 21. Rd1 f6 22. Nh4 f5 23. f4 Rf7 24. Kh1 Rdf8 25. Bf3 Rd8 26. Rcd2 Qb5 27. Qe3 Qb6 28. Qe2 Qb5 29. Rd3 Bxf4 30. Nxg6 Bg5 31. Bxh5 f4 32. Qg4 fxg3 33. Qxe6 1-0

[Event "Donau op"]
[Site "Vienna"]
[Date "1998.??.??"]
[Round "4"]
[White "Stoll, Thomas"]
[Black "Todor, Razvan"]
[Result "1/2-1/2"]
[WhiteElo "2280"]
[BlackElo "2160"]
[PlyCount "86"]
[EventDate "1998.05.??"]
[EventType "swiss"]
[EventRounds "9"]
[EventCountry "AUT"]
[SourceTitle "EXT 2000"]
[Source "ChessBase"]
[SourceDate "1999.11.16"]
[SourceVersion "1"]
[SourceVersionDate "1999.11.16"]
[SourceQuality "1"]

1. d4 Nf6 2. c4 g6 3. Nc3 d5 4. cxd5 Nxd5 5. e4 Nxc3 6. bxc3 Bg7 7. Bc4 c5 8. Ne2 cxd4 9. cxd4 Nc6 10. Be3 0-0 11. 0-0 Bg4 12. f3 Na5 13. Bd5 Bd7 14. Rb1 Bc8 15. Qd2 e6 16. Rb5 Nc6 17. Bxc6 bxc6 18. Rc5 Ba6 19. Rd1 Qb6 20. Rdc1 Bb7 21. Bh6 Rfd8 22. Bxg7 Kxg7 23. h4 Rd6 24. h5 Qd8 25. Qf4 Rc8 26. d5 exd5 27. e5 Re6 28. Nd4 Re8 29. h6+ Kg8 30. Nxc6 Bxc6 31. Rxc6 Rxc6 32. Rxc6 Re6 33. Rd6 Rxd6 34. exd6 f6 35. Qb4 Qc8 36. Qa3 a6 37. Kh2 Kf7 38. d7 Qxd7 39. Qxa6 Qc7+ 40. g3 Qc2+ 41. Kh3 Qf5+ 42. Kg2 Qc2+ 43. Kh3 Qf5+ 1/2-1/2

[Event "Bolzano op 11th"]
[Site "Bolzano"]
[Date "1996.10.??"]
[Round "?"]
[White "Stoll, Thomas"]
[Black "De Eccher, Stefano"]
[Result "1-0"]
[WhiteElo "2215"]
[BlackElo "2280"]
[PlyCount "60"]
[EventDate "1996.10.??"]
[EventType "swiss"]
[EventRounds "9"]
[EventCountry "ITA"]
[SourceTitle "EXT 2024"]
[Source "ChessBase"]
[SourceDate "2023.10.10"]
[SourceVersion "1"]
[SourceVersionDate "2023.10.10"]
[SourceQuality "1"]

1. d4 f5 2. Bg5 h6 3. Bh4 g5 4. Bg3 Bg7 5. e3 Nf6 6. Bd3 e6 7. Nd2 b6 8. h4 Bb7 9. hxg5 hxg5 10. Rxh8+ Bxh8 11. e4 f4 12. Bh2 d5 13. e5 Ne4 14. Qh5+ Kd7 15. Qh7+ Kc8 16. Nxe4 dxe4 17. Bxe4 Qf8 18. 0-0-0 Qg7 19. f3 Qxh7 20. Bxh7 Bg7 21. Nh3 Bh6 22. Nf2 Kd7 23. Rh1 Bg7 24. Be4 Nc6 25. Bg1 Rg8 26. c3 Ba6 27. Ng4 Ne7 28. Rh7 Kd8 29. Bf2 Bf1 30. g3 Nf5 1-0

[Event "Porto San Giorgio op 8th"]
[Site "Porto San Giorgio"]
[Date "1996.??.??"]
[Round "?"]
[White "Stoll, Thomas"]
[Black "Khenkin, Igor"]
[Result "0-1"]
[WhiteElo "2215"]
[BlackElo "2575"]
[PlyCount "82"]
[EventDate "1996.08.??"]
[EventType "swiss"]
[EventRounds "9"]
[EventCountry "ITA"]
[SourceTitle "EXT 2000"]
[Source "ChessBase"]
[SourceDate "1999.11.16"]
[SourceVersion "1"]
[SourceVersionDate "1999.11.16"]
[SourceQuality "1"]

1. d4 d5 2. c4 c6 3. cxd5 cxd5 4. Nc3 e5 5. e4 dxe4 6. dxe5 Qxd1+ 7. Kxd1 Nc6 8. Nxe4 Bf5 9. Nd6+ Bxd6 10. exd6 0-0-0 11. Bf4 Nf6 12. f3 Nh5 13. Be3 Rhe8 14. Ke2 Nd4+ 15. Kf2 Nc2 16. Rc1 Rxd6 17. g4 Rxe3 18. Rxc2+ Bxc2 19. Kxe3 Nf6 20. Bc4 Nd5+ 21. Kf2 Bg6 22. Ne2 Nb6 23. Rc1 Kb8 24. Ke3 Nxc4+ 25. Rxc4 Rd3+ 26. Kf2 Rd2 27. Rb4 a5 28. Rb3 Bc2 29. Re3 Bb1 30. Ke1 Rxb2 31. Rb3 Rxb3 32. axb3 Kc7 33. Kd2 Kd6 34. Kc3 Ke5 35. Kd2 g5 36. Ke3 Bc2 37. Nc1 Bd1 38. Nd3+ Kd5 39. Nc1 Kc5 40. Ke4 Kb4 41. Kf5 Bxb3 0-1